<?xml version="1.0" encoding="UTF-8"?>
<record
    xmlns:xsi="http://www.w3.org/2001/XMLSchema-instance"
    xsi:schemaLocation="http://www.loc.gov/MARC21/slim http://www.loc.gov/standards/marcxml/schema/MARC21slim.xsd"
    xmlns="http://www.loc.gov/MARC21/slim">

  <leader>00310nam a22001217a 4500</leader>
  <datafield tag="040" ind1=" " ind2=" ">
    <subfield code="c">SK</subfield>
  </datafield>
  <datafield tag="082" ind1=" " ind2=" ">
    <subfield code="a">620</subfield>
  </datafield>
  <datafield tag="100" ind1=" " ind2=" ">
    <subfield code="a">NGO BUNTHAN</subfield>
  </datafield>
  <datafield tag="245" ind1=" " ind2=" ">
    <subfield code="a">STRENGTH OF MATERIALS; &#x1797;&#x17B6;&#x1796;&#x1792;&#x1793;&#x17CB;&#x1791;&#x17D2;&#x179A;&#x17B6;&#x17C6;&#x1793;&#x17C3;&#x179F;&#x17C6;&#x1797;&#x17B6;&#x179A;&#x17C8;&#x1794;&#x179A;&#x17B7;&#x1780;&#x17D2;&#x1781;&#x17B6;</subfield>
  </datafield>
  <datafield tag="260" ind1=" " ind2=" ">
    <subfield code="a">RUA</subfield>
    <subfield code="b">NGO</subfield>
    <subfield code="c">1997</subfield>
  </datafield>
  <datafield tag="300" ind1=" " ind2=" ">
    <subfield code="a">150p.</subfield>
  </datafield>
  <datafield tag="942" ind1=" " ind2=" ">
    <subfield code="c">KB</subfield>
  </datafield>
  <datafield tag="999" ind1=" " ind2=" ">
    <subfield code="c">8803</subfield>
    <subfield code="d">8803</subfield>
  </datafield>
  <datafield tag="952" ind1=" " ind2=" ">
    <subfield code="0">0</subfield>
    <subfield code="1">0</subfield>
    <subfield code="4">0</subfield>
    <subfield code="6">620_000000000000000_NGO_1997_C239</subfield>
    <subfield code="7">0</subfield>
    <subfield code="9">49752</subfield>
    <subfield code="a">LBC</subfield>
    <subfield code="b">LBC</subfield>
    <subfield code="c">C239</subfield>
    <subfield code="d">2016-08-16</subfield>
    <subfield code="o">620  NGO 1997 C239</subfield>
    <subfield code="p">RUA061846</subfield>
    <subfield code="r">2016-08-16</subfield>
    <subfield code="y">KB</subfield>
  </datafield>
  <datafield tag="952" ind1=" " ind2=" ">
    <subfield code="0">0</subfield>
    <subfield code="1">0</subfield>
    <subfield code="4">0</subfield>
    <subfield code="6">620_000000000000000_NGO_1997_C239</subfield>
    <subfield code="7">0</subfield>
    <subfield code="9">49753</subfield>
    <subfield code="a">LBC</subfield>
    <subfield code="b">LBC</subfield>
    <subfield code="c">C239</subfield>
    <subfield code="d">2016-08-16</subfield>
    <subfield code="o">620  NGO 1997 C239</subfield>
    <subfield code="p">RUA045340</subfield>
    <subfield code="r">2016-08-16</subfield>
    <subfield code="y">KB</subfield>
  </datafield>
  <datafield tag="952" ind1=" " ind2=" ">
    <subfield code="0">0</subfield>
    <subfield code="1">0</subfield>
    <subfield code="4">0</subfield>
    <subfield code="6">620_000000000000000_NGO_1997_C239</subfield>
    <subfield code="7">0</subfield>
    <subfield code="9">49755</subfield>
    <subfield code="a">LBC</subfield>
    <subfield code="b">LBC</subfield>
    <subfield code="c">C239</subfield>
    <subfield code="d">2016-08-16</subfield>
    <subfield code="o">620  NGO 1997 C239</subfield>
    <subfield code="p">RUA44401</subfield>
    <subfield code="r">2016-08-16</subfield>
    <subfield code="y">KB</subfield>
  </datafield>
  <datafield tag="952" ind1=" " ind2=" ">
    <subfield code="0">0</subfield>
    <subfield code="1">0</subfield>
    <subfield code="4">0</subfield>
    <subfield code="6">620_000000000000000_NGO_1997_C239</subfield>
    <subfield code="7">0</subfield>
    <subfield code="9">49756</subfield>
    <subfield code="a">LBC</subfield>
    <subfield code="b">LBC</subfield>
    <subfield code="c">C239</subfield>
    <subfield code="d">2016-08-16</subfield>
    <subfield code="o">620  NGO 1997 C239</subfield>
    <subfield code="p">RUA046776</subfield>
    <subfield code="r">2016-08-16</subfield>
    <subfield code="y">KB</subfield>
  </datafield>
  <datafield tag="952" ind1=" " ind2=" ">
    <subfield code="0">0</subfield>
    <subfield code="1">0</subfield>
    <subfield code="4">0</subfield>
    <subfield code="6">620_000000000000000_NGO_1997_C239</subfield>
    <subfield code="7">0</subfield>
    <subfield code="9">49757</subfield>
    <subfield code="a">LBC</subfield>
    <subfield code="b">LBC</subfield>
    <subfield code="c">C239</subfield>
    <subfield code="d">2016-08-16</subfield>
    <subfield code="o">620 NGO 1997 C239</subfield>
    <subfield code="p">RUA062262</subfield>
    <subfield code="r">2016-08-16</subfield>
    <subfield code="y">KB</subfield>
  </datafield>
  <datafield tag="952" ind1=" " ind2=" ">
    <subfield code="0">0</subfield>
    <subfield code="1">0</subfield>
    <subfield code="4">0</subfield>
    <subfield code="6">620_000000000000000_NGO_1997_C239</subfield>
    <subfield code="7">0</subfield>
    <subfield code="9">49759</subfield>
    <subfield code="a">LBC</subfield>
    <subfield code="b">LBC</subfield>
    <subfield code="c">C239</subfield>
    <subfield code="d">2016-08-16</subfield>
    <subfield code="o">620  NGO 1997 C239</subfield>
    <subfield code="p">RUA061786</subfield>
    <subfield code="r">2016-08-16</subfield>
    <subfield code="y">KB</subfield>
  </datafield>
  <datafield tag="952" ind1=" " ind2=" ">
    <subfield code="0">0</subfield>
    <subfield code="1">0</subfield>
    <subfield code="4">0</subfield>
    <subfield code="6">620_000000000000000_NGO_1997_C239</subfield>
    <subfield code="7">0</subfield>
    <subfield code="9">49760</subfield>
    <subfield code="a">LBC</subfield>
    <subfield code="b">LBC</subfield>
    <subfield code="c">C239</subfield>
    <subfield code="d">2016-08-16</subfield>
    <subfield code="o">620 NGO 1997 C239</subfield>
    <subfield code="p">RUA045433</subfield>
    <subfield code="r">2016-08-16</subfield>
    <subfield code="y">KB</subfield>
  </datafield>
</record>
